Sports Quiz

Random Sports or NFL Quiz

NFL Random Trivia (2005-15) Quiz Stats

 Plays Quiz not verified by Sporcle

Score 0/35 Timer 12:00
0 Plays Today
% Correct
18
86.1%
85
84.3%
Adrian Peterson
83%
Calvin Johnson, Jr.
82.6%
Tim Tebow
79.6%
Indianapolis Colts
77.2%
Denver Broncos
75.2%
22
71.3%
San Francisco 49ers
70.6%
17
69.1%
Andrew Luck
67.2%
14
67.1%
Chicago Bears
65.1%
Brett Favre
60.8%
J.J. Watt
60.5%
Tennessee Titans
57.2%
Peyton Manning
56.5%
Eric Fisher
55.1%
% Correct
Luke Kuechly
51.6%
Aaron Rodgers
50.4%
Cam Newton
49%
JaMarcus Russell
48.2%
Mario Williams
47.5%
Antonio Cromartie
45.8%
Drew Brees
45%
Sam Bradford
43.5%
Brian Urlacher
41.9%
Shaun Alexander
41.1%
Matthew Stafford
38.6%
Charles Woodson
35.3%
Jake Long
30.9%
Jason Taylor
27.9%
Derrick Burgess
27.4%
Bob Sanders
26.8%
Matt Schaub
22.6%

You're not logged in!

Compare scores with friends on all Sporcle quizzes.
OR
Log In

You Might Also Like...

Show Comments

Extras

Curator's Pick Nov 15, 2014SourceReportNominate
Tags:NFL Quiz, stat

Top Quizzes Today


Score Distribution

Your Account Isn't Verified!

In order to create a playlist on Sporcle, you need to verify the email address you used during registration. Go to your Sporcle Settings to finish the process.

Report this User

Report this user for behavior that violates our Community Guidelines.

Details: